Teatr sənətimiz: dünən, bu gün, sabah... (Record no. 436)
[ view plain ]
| 000 -LEADER | |
|---|---|
| fixed length control field | 01483nam a22003257a 4500 |
| 003 - CONTROL NUMBER IDENTIFIER | |
| control field | OSt |
| 005 - DATE AND TIME OF LATEST TRANSACTION | |
| control field | 20260513101826.0 |
| 008 - FIXED-LENGTH DATA ELEMENTS--GENERAL INFORMATION | |
| fixed length control field | 260513b |||||||| |||| 00| 0 aze d |
| 020 ## - INTERNATIONAL STANDARD BOOK NUMBER | |
| International Standard Book Number | 5806617823 |
| 040 ## - CATALOGING SOURCE | |
| Original cataloging agency | AZ-XaKU |
| Language of cataloging | aze |
| Transcribing agency | AZ-XaKU |
| 050 14 - LIBRARY OF CONGRESS CALL NUMBER | |
| Classification number | PN2000 .V238 .AR751 2005 |
| 100 1# - MAIN ENTRY--PERSONAL NAME | |
| Personal name | Vəliyev, Ədalət, |
| Titles and words associated with a name | dosent, |
| Dates associated with a name | 1959 - , |
| Relator term | müəllif. |
| 245 10 - TITLE STATEMENT | |
| Title | Teatr sənətimiz: dünən, bu gün, sabah... |
| Statement of responsibility, etc. | / Ədalət Vəliyev |
| 264 ## - PRODUCTION, PUBLICATION, DISTRIBUTION, MANUFACTURE, AND COPYRIGHT NOTICE | |
| Place of production, publication, distribution, manufacture | Bakı: |
| Name of producer, publisher, distributor, manufacturer | Elm nəşriyyatı, |
| Date of production, publication, distribution, manufacture, or copyright notice | 2005. |
| 300 ## - PHYSICAL DESCRIPTION | |
| Extent | 476 səhifə ; |
| Other physical details | şəkilli, |
| Dimensions | 21 sm. |
| 336 ## - CONTENT TYPE | |
| Content type term | text |
| Content type code | txt |
| Source | rdacontent |
| 337 ## - MEDIA TYPE | |
| Media type term | unmediated |
| Media type code | n |
| Source | rdamedia |
| 338 ## - CARRIER TYPE | |
| Carrier type term | volume |
| Carrier type code | nc |
| Source | rdacarrier |
| 505 0# - Formatted Contents Note | |
| Formatted contents note | Birinci bölmə: Müasir teatr problemləri (nəzəri və praktik düşüncələr) -- İkinci bölmə: Mədəniyyətimizin sabahına inanıram (müsahibələr- mülahizələr) |
| 520 ## - SUMMARY, ETC. | |
| Summary, etc. | Kitabda müəllifin müxtəlif illərdə çap olunmuş elmi-nəzəri məqalələri, publisistik yazıları və teatr sənətilə bağlı müsahibələri toplanmışdır. |
| 521 ## - TARGET AUDIENCE NOTE | |
| Target audience note | Kitab müasir teatrın nəzəri və gerçək inkişaf ilə maraqlanan mütəxəssislər, teatrsevərlər və geniş oxucu kütləsi üçün nəzərdə tutulmuşdur. |
| 600 ## - SUBJECT ADDED ENTRY--PERSONAL NAME | |
| Source of heading or term | AzXaKU |
| 650 #7 - SUBJECT ADDED ENTRY--TOPICAL TERM | |
| Topical term or geographic name entry element | Teatrşünaslıq |
| Source of heading or term | AzXaKU |
| 655 ## - INDEX TERM--GENRE/FORM | |
| Genre/form data or focus term | Monoqrafiya |
| 700 1# - ADDED ENTRY--PERSONAL NAME | |
| Personal name | Kərimov, İqbal, |
| Relator term | elmi redaktor. |
| 700 1# - ADDED ENTRY--PERSONAL NAME | |
| Personal name | Əsədova, Alimə, |
| Relator term | korrektor. |
| 700 1# - ADDED ENTRY--PERSONAL NAME | |
| Personal name | Rəhimli, Rafiq, |
| Relator term | redaktor. |
| 942 ## - ADDED ENTRY ELEMENTS (KOHA) | |
| Koha item type | Book |
| Withdrawn status | Lost status | Source of classification or shelving scheme | Damaged status | Not for loan | Collection | Home library | Current library | Date acquired | Total checkouts | Full call number | Barcode | Date last seen | Copy number | Price effective from | Koha item type |
|---|---|---|---|---|---|---|---|---|---|---|---|---|---|---|---|
| Library of Congress Classification | Fine Arts Collection | Karabakh University Main Library | Karabakh University Art Library | 05/13/2026 | PN2000 .V238 .AR751 2005 | 0000001214 | 05/13/2026 | 1 | 05/13/2026 | Book |